01076nam a22002057a 4500003000800000008004100008037002000049040003500069041000800104080001400112100003000126245027300156260008300429300002300512500014800535650006600683650006600749655002300815700003200838BI-BuBU250122b2023 bd fr|||| 000 0 fre d bdon de l'auteur aBI-BuBUbFrecBI-BuBUdBI-BuBU0 aFre a551.482.41 4autaIrababaruta, Martial1 aContribution à la modélisation hydrologique au Burundi par adaptation de 3 modèles hydrologiques usuels et par configuration d'un modèle mixtebCas des bassins versant des rivières Ntahangwa et RuvyironzacMartial Irabaruta ; Jean Claude Mvuyekure, directeur aBujumburabUniversité du Bururundi : Faculté des Sciences de l'ingénieur aXVII-93 f.c30 cm. aMémoire présenté et soutenu publiquement en vue de l'obtention du grade de master en Génie Civil, Aménagement et Maitrise des Projets 72BI-BuBUaBassin versantxHydrologiexContributionxRuvyironza 7aBassin versantxHydrologiexContributionxRuvyironza2BI-BuBU 72BI-BuBUaMémoire1 4Dir.aJean Claude Mvuyekure